Eastern Utah Libraries Catalog: Duchesne, Heber, Roosevelt, & Vernal

Wonder Woman 1984 (Record no. 360085)

MARC details
000 -LEADER
fixed length control field 01559ngm a22004572a 4500
001 - CONTROL NUMBER
control field on1237282790
005 - DATE AND TIME OF LATEST TRANSACTION
control field 20241021183244.0
007 - PHYSICAL DESCRIPTION FIXED FIELD--GENERAL INFORMATION
fixed length control field vd cvaizs
008 - FIXED-LENGTH DATA ELEMENTS--GENERAL INFORMATION
fixed length control field 210301s2020 xxu151 e vleng d
020 ## - INTERNATIONAL STANDARD BOOK NUMBER
Terms of availability $28.99
020 ## - INTERNATIONAL STANDARD BOOK NUMBER
International Standard Book Number 13577098
024 1# - OTHER STANDARD IDENTIFIER
Standard number or code 883929674091
040 ## - CATALOGING SOURCE
Description conventions rda
092 ## - LOCALLY ASSIGNED DEWEY CALL NUMBER (OCLC)
Classification number dvd
999 ## - SYSTEM CONTROL NUMBERS (KOHA)
Koha Dewey Subclass [OBSOLETE] 03640668
245 00 - TITLE STATEMENT
Title Wonder Woman 1984
Medium [dvd].
260 ## - PUBLICATION, DISTRIBUTION, ETC. (IMPRINT)
Place of publication, distribution, etc [United States] :
Name of publisher, distributor, etc Warner Bros.,
Date of publication, distribution, etc 2021.
264 ## - Production, Publication, Distribution, Manufacture, and Copyright Notice.
Place of production, publication, distribution, manufacture [United States] :
Name of producer, publisher, distributor, manufacturer Warner Bros.,
Date of production, publication, distribution, manufacture, or copyr 2021.
300 ## - PHYSICAL DESCRIPTION
Extent 2 videodiscs (ca. 151 min.) :
Other physical details sd., col. ;
Dimensions 4 3/4 in.
508 ## - CREATION/PRODUCTION CREDITS NOTE
Creation/production credits note Director, Patty Jenkins.
511 1# - PARTICIPANT OR PERFORMER NOTE
Participant or performer note Gal Gadot, Connie Nielsen, Pedro Pascal, Chris Pine, Kristen Wiig, Robin Wright, Gabriella Wilde, Kristoffer Polaha.
520 ## - SUMMARY, ETC.
Summary, etc Fast forward to the 1980s as Wonder Woman's next big-screen adventure finds her facing an all-new foe: The Cheetah and Max Lord.
650 #4 - SUBJECT ADDED ENTRY--TOPICAL TERM
Topical term or geographic name as entry element Action / Adventure.
650 #4 - SUBJECT ADDED ENTRY--TOPICAL TERM
Topical term or geographic name as entry element Fantasy.
650 #4 - SUBJECT ADDED ENTRY--TOPICAL TERM
Topical term or geographic name as entry element Sci-Fi.
9 (RLIN) 5685827
650 #0 - SUBJECT ADDED ENTRY--TOPICAL TERM
Topical term or geographic name as entry element Feature films
655 #4 - INDEX TERM--GENRE/FORM
Genre/form data or focus term Action.
700 1# - ADDED ENTRY--PERSONAL NAME
Personal name Gadot, Gal
9 (RLIN) 5967912
700 1# - ADDED ENTRY--PERSONAL NAME
Personal name Nielsen, Connie,
9 (RLIN) 1025
700 1# - ADDED ENTRY--PERSONAL NAME
Personal name Pascal, Pedro
9 (RLIN) 5725941
700 1# - ADDED ENTRY--PERSONAL NAME
Personal name Pine, Chris
9 (RLIN) 5897498
700 1# - ADDED ENTRY--PERSONAL NAME
Personal name Wiig, Kristen,
9 (RLIN) 5736944
700 1# - ADDED ENTRY--PERSONAL NAME
Personal name Wright, Robin
9 (RLIN) 5895221
700 1# - ADDED ENTRY--PERSONAL NAME
Personal name Wilde, Gabriella
9 (RLIN) 6272228
700 1# - ADDED ENTRY--PERSONAL NAME
Personal name Polaha, Kristoffer,
9 (RLIN) 6411936
856 7# - ELECTRONIC LOCATION AND ACCESS
Materials specified View cover art
Uniform Resource Identifier <a href="http://midwesttapes.com/images/movies/000/000/000/013/577/000000000013577129.jpg">http://midwesttapes.com/images/movies/000/000/000/013/577/000000000013577129.jpg</a>
Access method http
942 ## - ADDED ENTRY ELEMENTS (KOHA)
Source of classification or shelving scheme Dewey Decimal Classification
Koha item type DVD
Holdings
Withdrawn status Lost status Source of classification or shelving scheme Materials specified (bound volume or other part) Damaged status Not for loan Collection code Home library Current library Shelving location Date acquired Source of acquisition Total Checkouts Total Renewals Full call number Barcode Date last seen Date checked out Cost, replacement price Price effective from Koha item type
    Dewey Decimal Classification 2 discs     Movies Wasatch County Library Wasatch County Library Audio Visual Area 04/06/2021 Micromarketing 15 12 DVD Won 34301001810748 04/05/2025 04/04/2025 23.18 04/06/2021 DVD
This project was made possible through a grant from the Institute of Museum and Library Service administered by the Utah State Library Division.

Wasatch County Library

  • 465 East 1200 South, Heber City, Utah 84032
  • Phone 435-654-1511 | Fax 435-654-6456

Hours

  • Monday - Friday 9:30 AM - 8:00 PM
  • Saturday 9:30 AM - 1:30 PM
  • Closed Sundays and Holidays